Vincitori La Liga - Statistics

Statistiche generali
  • Questo quiz è stato fatto 627 volte
    292 dall'ultimo reset
  • Il punteggio medio è 90 su 94
Statistiche sulle risposte
Edizione Campioni % Corretto
1939-1940 Atlético Aviación
100%
1940-1941 Atlético Aviación
100%
1949-1950 Atletico Madrid
100%
1950-1951 Atletico Madrid
100%
1965-1966 Atletico Madrid
100%
1969-1970 Atletico Madrid
100%
1972-1973 Atletico Madrid
100%
1976-1977 Atletico Madrid
100%
1995-1996 Atletico Madrid
100%
2013-2014 Atletico Madrid
100%
2020-2021 Atletico Madrid
100%
1928-1929 Barcellona
100%
1944-1945 Barcellona
100%
1947-1948 Barcellona
100%
1948-1949 Barcellona
100%
1951-1952 Barcellona
100%
1952-1953 Barcellona
100%
1958-1959 Barcellona
100%
1959-1960 Barcellona
100%
1973-1974 Barcellona
100%
1984-1985 Barcellona
100%
1990-1991 Barcellona
100%
1991-1992 Barcellona
100%
1992-1993 Barcellona
100%
1993-1994 Barcellona
100%
1997-1998 Barcellona
100%
1998-1999 Barcellona
100%
2004-2005 Barcellona
100%
2005-2006 Barcellona
100%
2008-2009 Barcellona
100%
2009-2010 Barcellona
100%
2010-2011 Barcellona
100%
2012-2013 Barcellona
100%
2014-2015 Barcellona
100%
2015-2016 Barcellona
100%
2017-2018 Barcellona
100%
2018-2019 Barcellona
100%
2022-2023 Barcellona
100%
2024-2025 Barcellona
100%
1931-1932 Real Madrid
100%
1932-1933 Real Madrid
100%
1953-1954 Real Madrid
100%
1954-1955 Real Madrid
100%
1956-1957 Real Madrid
100%
1957-1958 Real Madrid
100%
1960-1961 Real Madrid
100%
1961-1962 Real Madrid
100%
1962-1963 Real Madrid
100%
1963-1964 Real Madrid
100%
1964-1965 Real Madrid
100%
1966-1967 Real Madrid
100%
1967-1968 Real Madrid
100%
1968-1969 Real Madrid
100%
1971-1972 Real Madrid
100%
1974-1975 Real Madrid
100%
1975-1976 Real Madrid
100%
1977-1978 Real Madrid
100%
1978-1979 Real Madrid
100%
1979-1980 Real Madrid
100%
1985-1986 Real Madrid
100%
1986-1987 Real Madrid
100%
1987-1988 Real Madrid
100%
1988-1989 Real Madrid
100%
1989-1990 Real Madrid
100%
1994-1995 Real Madrid
100%
1996-1997 Real Madrid
100%
2000-2001 Real Madrid
100%
2002-2003 Real Madrid
100%
2006-2007 Real Madrid
100%
2007-2008 Real Madrid
100%
2011-2012 Real Madrid
100%
2016-2017 Real Madrid
100%
2019-2020 Real Madrid
100%
2021-2022 Real Madrid
100%
2023-2024 Real Madrid
100%
1941-1942 Valencia
94%
1943-1944 Valencia
94%
1946-1947 Valencia
94%
1970-1971 Valencia
94%
2001-2002 Valencia
94%
2003-2004 Valencia
94%
1945-1946 Siviglia
89%
1929-1930 Athletic Bilbao
74%
1930-1931 Athletic Bilbao
74%
1933-1934 Athletic Bilbao
74%
1935-1936 Athletic Bilbao
74%
1942-1943 Athletic Bilbao
74%
1955-1956 Athletic Bilbao
74%
1982-1983 Athletic Bilbao
74%
1983-1984 Athletic Bilbao
74%
1980-1981 Real Sociedad
72%
1981-1982 Real Sociedad
72%
1999-2000 Deportivo La Coruña
69%
1934-1935 Betis Siviglia
65%
Nessun quiz corrispondente trovato
Distribuzione punteggi
Percentuale di utenti per punteggio
Percentile per numero di risposta
I tuoi punteggi nel tempo
Non hai fatto questo quiz dall'ultimo reset